The secret life of pronouns : (Record no. 1277)

000 -LEADER
fixed length control field 02141nam a22004097a 4500
001 - CONTROL NUMBER
control field 16609864
003 - CONTROL NUMBER IDENTIFIER
control field OSt
005 - DATE AND TIME OF LATEST TRANSACTION
control field 20210426100749.0
008 - FIXED-LENGTH DATA ELEMENTS--GENERAL INFORMATION
fixed length control field 110113s2011 nyua b 001 0 eng
010 ## - LIBRARY OF CONGRESS CONTROL NUMBER
LC control number 2011001289
020 ## - INTERNATIONAL STANDARD BOOK NUMBER
International Standard Book Number 9781608194803
020 ## - INTERNATIONAL STANDARD BOOK NUMBER
International Standard Book Number 1608194809
035 ## - SYSTEM CONTROL NUMBER
System control number (OCoLC)ocn682894538
040 ## - CATALOGING SOURCE
Original cataloging agency DLC
Transcribing agency DLC
Modifying agency YDX
-- BTCTA
-- YDXCP
-- IAD
-- VP@
-- IEB
-- ILC
-- MOF
-- I3U
-- DLC
Language of cataloging eng
041 ## - LANGUAGE CODE
Language code of text/sound track or separate title eng
042 ## - AUTHENTICATION CODE
Authentication code pcc
050 00 - LIBRARY OF CONGRESS CALL NUMBER
Classification number PE1261
Item number .P46 2011
080 ## - UNIVERSAL DECIMAL CLASSIFICATION NUMBER
Universal Decimal Classification number 811.111
Item number P-41
082 00 - DEWEY DECIMAL CLASSIFICATION NUMBER
Classification number 425/.55
Edition number 22
100 1# - MAIN ENTRY--PERSONAL NAME
Personal name Pennebaker, James W.
245 14 - TITLE STATEMENT
Title The secret life of pronouns :
Remainder of title what our words say about us /
Statement of responsibility, etc. / by: Bloomsbury Press
250 ## - EDITION STATEMENT
Edition statement 1st U.S. edition
260 ## - PUBLICATION, DISTRIBUTION, ETC.
Place of publication, distribution, etc. New York :
Name of publisher, distributor, etc. Bloomsbury Press
Date of publication, distribution, etc. 2011.
300 ## - PHYSICAL DESCRIPTION
Extent xii, 352 p.
Other physical details ill.
Dimensions 25 cm.
365 ## - TRADE PRICE
Price amount 28 usd
504 ## - BIBLIOGRAPHY, ETC. NOTE
Bibliography, etc. note Includes bibliographical references (p. 319-333) and index.
505 0# - FORMATTED CONTENTS NOTE
Formatted contents note Discovering the secret life of the most forgettable words -- Ignoring the content, celebrating the style -- The words of sex, age, and power -- Personality: finding the person within -- Emotion detection -- Lying words -- The language of status, power, and leadership -- The language of love -- Seeing groups, companies, and communities through their words -- Word sleuthing -- Appendix: a handy guide for spotting and interpreting function words in the wild.
520 ## - SUMMARY, ETC.
Summary, etc. Draws on groundbreaking research in computational linguistics to explain what language choices reveal about feelings, self-concept, and social intelligence, in a lighthearted treatise that also explores the language personalities of famous individuals.
650 #0 - SUBJECT ADDED ENTRY--TOPICAL TERM
Topical term or geographic name entry element English language
General subdivision Pronoun.
650 #0 - SUBJECT ADDED ENTRY--TOPICAL TERM
Topical term or geographic name entry element English language
General subdivision Grammar.
653 ## - INDEX TERM--UNCONTROLLED
Uncontrolled term ინგლისური ენა
856 42 - ELECTRONIC LOCATION AND ACCESS
Materials specified Contributor biographical information
Uniform Resource Identifier <a href="http://catdir.loc.gov/catdir/enhancements/fy1108/2011001289-b.html">http://catdir.loc.gov/catdir/enhancements/fy1108/2011001289-b.html</a>
856 42 - ELECTRONIC LOCATION AND ACCESS
Materials specified Publisher description
Uniform Resource Identifier <a href="http://catdir.loc.gov/catdir/enhancements/fy1108/2011001289-d.html">http://catdir.loc.gov/catdir/enhancements/fy1108/2011001289-d.html</a>
906 ## - LOCAL DATA ELEMENT F, LDF (RLIN)
a 7
b cbc
c orignew
d 1
e ecip
f 20
g y-gencatlg
942 ## - ADDED ENTRY ELEMENTS (KOHA)
Source of classification or shelving scheme
Koha item type Books
Edition 1
Holdings
Withdrawn status Lost status Source of classification or shelving scheme Damaged status Not for loan Permanent location Current location Date acquired Inventory number Total Checkouts Full call number Barcode Date last seen Price effective from Koha item type
          Ken Walker International University Ken Walker International University 02/08/2021 1365   811.111 P-41 1365 02/08/2021 02/08/2021 Books

Powered by Koha